000
00289nam a22001337a 4500
008
170413b xxu||||| |||| 00| 0 eng d
020
_a
9780910761611
041
_a
eng
080
_a
618
100
_a
10
101
_a
SHM
245
_a
NENATAL RESUCITATION
_c
BLOOM.R.S
942
_2
udc
_c
BK
999
_c
10606
_d
10606